Statistics for Country Facts- Population

Click here to take the quiz!

General Stats

  • This quiz has been taken 12 times
  • The average score is 74 of 80

Answer Stats

QuestionTileSelect% Correct
Which country has a population as of June 8, 2021 of 96.46 Million?ArgentinaNo
100%
Which Country as of June 8, 2021 has a population of 38,378BahrainNo
100%
Which Asian Country as of June 8, 2021 has a population of 16.49 MillionBahrainNo
100%
Which European Country As Of June 8, 2021 has a population of 17.28 MillionBelgiumNo
100%
Which African Country Has a population as of June 8, 2021 of 1.356 MillionBeninNo
100%
Which Country as of June 8, 2021 has a population of 38,378BhutanNo
100%
Which country has a population as of June 8, 2021 of 96.46 Million?BrazilNo
100%
Which African Country Has a population as of June 8, 2021 of 1.356 MillionBurkina FasoNo
100%
Which country has a population as of June 8, 2021 of 96.46 Million?CanadaNo
100%
Which African Country Has a population as of June 8, 2021 of 1.356 MillionComorosNo
100%
Which Asian Country as of June 8, 2021 has a population of 16.49 MillionCyprusNo
100%
Which African Country Has a population as of June 8, 2021 of 1.356 MillionEswatiniNo
100%
Which European Country As Of June 8, 2021 has a population of 17.28 MillionFinlandNo
100%
Which European Country As Of June 8, 2021 has a population of 17.28 MillionFranceNo
100%
Which Country as of June 8, 2021 has a population of 38,378F.S MicronesiaNo
100%
Which European Country As Of June 8, 2021 has a population of 17.28 MillionGermanyNo
100%
Which Asian Country as of June 8, 2021 has a population of 16.49 MillionIsraelNo
100%
Which European Country As Of June 8, 2021 has a population of 17.28 MillionItalyNo
100%
Which Asian Country as of June 8, 2021 has a population of 16.49 MillionKuwaitNo
100%
Which Asian Country as of June 8, 2021 has a population of 16.49 MillionKyrgyzstanNo
100%
Which Asian Country as of June 8, 2021 has a population of 16.49 MillionLaosNo
100%
Which African Country Has a population as of June 8, 2021 of 1.356 MillionLiberiaNo
100%
Which African Country Has a population as of June 8, 2021 of 1.356 MillionMalawiNo
100%
Which Country as of June 8, 2021 has a population of 38,378MaldivesNo
100%
Which African Country Has a population as of June 8, 2021 of 1.356 MillionMaliNo
100%
Which Country as of June 8, 2021 has a population of 38,378MaltaNo
100%
Which African Country Has a population as of June 8, 2021 of 1.356 MillionMauritiusNo
100%
Which Country as of June 8, 2021 has a population of 38,378NauruNo
100%
Which European Country As Of June 8, 2021 has a population of 17.28 MillionNorwayNo
100%
Which Asian Country as of June 8, 2021 has a population of 16.49 MillionOmanNo
100%
Which European Country As Of June 8, 2021 has a population of 17.28 MillionPolandNo
100%
Which Asian Country as of June 8, 2021 has a population of 16.49 MillionQatarNo
100%
Which African Country Has a population as of June 8, 2021 of 1.356 MillionRwandaNo
100%
Which African Country Has a population as of June 8, 2021 of 1.356 MillionSão Tomé And PrincipeNo
100%
Which Country as of June 8, 2021 has a population of 38,378São Tomé and PrincipeNo
100%
Which Country as of June 8, 2021 has a population of 38,378SingaporeNo
100%
Which European Country As Of June 8, 2021 has a population of 17.28 MillionSpainNo
100%
Which European Country As Of June 8, 2021 has a population of 17.28 MillionSwedenNo
100%
Which country has a population as of June 8, 2021 of 96.46 Million?ThailandNo
100%
Which African Country Has a population as of June 8, 2021 of 1.356 MillionTunisiaNo
100%
Which Asian Country as of June 8, 2021 has a population of 16.49 MillionTurkmenistanNo
100%
Which Country as of June 8, 2021 has a population of 38,378TuvaluNo
100%
Which European Country As Of June 8, 2021 has a population of 17.28 MillionUkraineNo
100%
Which European Country As Of June 8, 2021 has a population of 17.28 MillionUnited KingdomNo
100%
Which Asian Country as of June 8, 2021 has a population of 16.49 MillionUzbekistanNo
100%
Which Country as of June 8, 2021 has a population of 38,378VanuatuNo
100%
Which Country as of June 8, 2021 has a population of 38,378Vatican CityNo
100%
Which country has a population as of June 8, 2021 of 96.46 Million?BangladeshNo
91%
Which country has a population as of June 8, 2021 of 96.46 Million?D.R CongoNo
91%
Which European Country As Of June 8, 2021 has a population of 17.28 MillionGreeceNo
91%
Which European Country As Of June 8, 2021 has a population of 17.28 MillionIrelandNo
91%
Which Country as of June 8, 2021 has a population of 38,378KiribatiNo
91%
Which Asian Country as of June 8, 2021 has a population of 16.49 MillionMalaysiaNo
91%
Which country has a population as of June 8, 2021 of 96.46 Million?MexicoNo
91%
Which country has a population as of June 8, 2021 of 96.46 Million?NetherlandsNo
91%
Which Country as of June 8, 2021 has a population of 38,378NicaraguaNo
91%
Which country has a population as of June 8, 2021 of 96.46 Million?NigeriaNo
91%
Which Asian Country as of June 8, 2021 has a population of 16.49 MillionNorth KoreaNo
91%
Which country has a population as of June 8, 2021 of 96.46 Million?PakistanNo
91%
Which European Country As Of June 8, 2021 has a population of 17.28 MillionPortugalNo
91%
Which European Country As Of June 8, 2021 has a population of 17.28 MillionRomaniaNo
91%
Which country has a population as of June 8, 2021 of 96.46 Million?RussiaNo
91%
Which African Country Has a population as of June 8, 2021 of 1.356 MillionSeychellesNo
91%
Which Country as of June 8, 2021 has a population of 38,378St. Kitts And NevisNo
91%
Which African Country Has a population as of June 8, 2021 of 1.356 MillionTogoNo
91%
Which country has a population as of June 8, 2021 of 96.46 Million?UkraineNo
91%
Which Asian Country as of June 8, 2021 has a population of 16.49 MillionUnited Arab EmiratesNo
91%
Which country has a population as of June 8, 2021 of 96.46 Million?United StatesNo
91%
Which country has a population as of June 8, 2021 of 96.46 Million?ChinaNo
82%
Which African Country Has a population as of June 8, 2021 of 1.356 MillionGabonNo
82%
Which country has a population as of June 8, 2021 of 96.46 Million?JapanNo
82%
Which African Country Has a population as of June 8, 2021 of 1.356 MillionLesothoNo
82%
Which country has a population as of June 8, 2021 of 96.46 Million?VietnamYes
82%
Which Asian Country as of June 8, 2021 has a population of 16.49 MillionJordanNo
73%
Which Asian Country as of June 8, 2021 has a population of 16.49 MillionNepalNo
73%
Which Country as of June 8, 2021 has a population of 38,378MonacoNo
55%
Which European Country As Of June 8, 2021 has a population of 17.28 MillionNetherlandsYes
55%
Which Asian Country as of June 8, 2021 has a population of 16.49 MillionCambodiaYes
45%
Which African Country Has a population as of June 8, 2021 of 1.356 MillionEquatorial GuineaYes
27%
Which Country as of June 8, 2021 has a population of 38,378LiechtensteinYes
9%

Score Distribution

Percentile by Number Answered

Percent of People with Each Score

Your Score History

You have not taken this quiz